| Tag |
First Indicator |
Second Indicator |
Subfields |
| LEADER |
00000cam a22000001a 4500 |
| 001 |
in00004152849 |
| 005 |
20200117100511.0 |
| 006 |
m d f |
| 007 |
cr bn mmmapmmp |
| 008 |
151120s2015 mdu o f000 0 eng d |
| 035 |
|
|
|a chdc20150949
|
| 040 |
|
|
|a UMI
|c UMI
|d UtOrBLW
|
| 086 |
0 |
|
|a Y 4.F 76/1:114-85
|
| 110 |
1 |
|
|a United States.
|b Congress.
|b House.
|b Committee on Foreign Affairs.
|0 http://id.loc.gov/authorities/names/n79060504
|
| 245 |
1 |
0 |
|a Women Under ISIS Rule :
|b From Brutality to Recruitment.
|
| 264 |
|
1 |
|a Bethesda, Md. :
|b ProQuest,
|c 2015.
|
| 300 |
|
|
|a 80 pages, digital, PDF file.
|
| 336 |
|
|
|a text
|b txt
|2 rdacontent
|
| 337 |
|
|
|a computer
|b c
|2 rdamedia
|
| 338 |
|
|
|a online resource
|b cr
|2 rdacarrier
|
| 500 |
|
|
|a Record is based on bibliographic data in ProQuest U.S. Congressional Hearings Digital Collection. Reuse except for individual research requires license from ProQuest, LLC.
|
| 500 |
|
|
|a Electronic resource.
|
| 533 |
|
|
|a Electronic reproduction.
|b [Bethesda, Md.] :
|c ProQuest,
|d 2015.
|e digital, PDF file.
|n ProQuest Congressional Hearings Digital Collection.
|n Mode of access: World Wide Web via ProQuest website.
|
| 538 |
|
|
|a System requirements: PDF reader software.
|
| 610 |
2 |
0 |
|a IS (Organization)
|0 http://id.loc.gov/authorities/names/n2014059810
|
| 650 |
|
0 |
|a Women's rights.
|0 http://id.loc.gov/authorities/subjects/sh85147765
|
| 650 |
|
0 |
|a Terrorism.
|0 http://id.loc.gov/authorities/subjects/sh85134112
|
| 776 |
0 |
8 |
|i Microfiche version:
|a United States. Congress. House. Committee on Foreign Affairs.
|t Women Under ISIS Rule
|o CIS 2015 H381-98
|w cis20152887
|
| 856 |
4 |
0 |
|u http://proxy.library.tamu.edu/login?url=http://search.proquest.com/congcomp/getdoc?HEARING-ID=HRG-2015-FOA-0081
|y Electronic resource (PDF)
|z CIS 2015-H381-98
|t 0
|
| 998 |
|
|
|a cis20152887
|
| 999 |
f |
f |
|s 81f58d19-ed70-3385-ac49-e1bdb43a714f
|i 33b68704-1799-3433-bd42-e83db1e03542
|t 0
|
| 952 |
f |
f |
|a Texas A&M University
|b College Station
|c Electronic Resources
|d Available Online
|t 0
|e Y 4.F 76/1:114-85
|h Superintendent of Documents classification
|
| 998 |
f |
f |
|a Y 4.F 76/1:114-85
|t 0
|l Available Online
|